| 000 | 00352nam a2200145Ia 4500 | ||
|---|---|---|---|
| 008 | 150201s1973 xx 000 0 und d | ||
| 082 |
_a617.692 _bA1973L |
||
| 100 | _aLEE,JALFARD | ||
| 245 | 2 | _aA SYNOPSIS OF ANAESTHESIA | |
| 250 | _a7TH | ||
| 260 |
_bWRIGHT PUBLICATION _aOXFORD _c1973 |
||
| 300 | _a1-991 | ||
| 650 | _aORAL SURGERY | ||
| 942 |
_2ddc _cBK |
||
| 999 |
_c3278 _d3278 |
||